000 00680nam a22001817a 4500
005 20120613122610.0
020 _a0195655559
_cRs. 225.00 (pbk)
035 _aB-29821
037 _aDPL
_bENG
100 _aAbbasi, S.A
_948940
245 _aHot topics :
_bEveryday environmental concerns /
_cby S.A. Abbasi, P. Krishnakumari and F.I. Khan
260 _aNew Delhi
_bOxford University Press
_c2000
300 _axvii, 208p.
_c18 cms.
700 _aKrishnakumari, P.
_948941
700 _aKhan, F.I.
_948942
942 _2ddc
_cEN
_h363.7
_mABB
999 _c67854
_d67854